000 00509nam a22001697a 4500
005 20251108165438.0
008 250721s2000 xx 000 0 ara d
082 1 4 _a615.32/عبد
100 1 _aعبد الغفور، خليل
245 1 0 _aالتداوي بالأعشاب و النباتات الطبية /
264 1 _aعمان :
_bدار الأسراء،
_c2000.
300 _a184ص
650 1 7 _aالنباتات الطبية
650 1 7 _aالطب الشعبي
942 _2ddc
_cBK
999 _c28084
_d28084